Countries Closest to Guinea-Bissau - Statistics

General Stats
  • This quiz has been taken 931 times
  • The average score is 18 of 20
Answer Stats
km country miles % Correct
0 Guinea 0
99%
208 Mali 129
97%
1668 Morocco 1036
97%
0 Senegal 0
97%
1657 Algeria 1030
96%
61 Gambia 38
96%
280 Mauritania 174
96%
1511 Niger 939
96%
1586 Benin 986
95%
1188 Ghana 738
95%
1832 Nigeria 1138
95%
1479 Togo 919
95%
637 Côte d'Ivoire 396
94%
519 Liberia 322
93%
249 Sierra Leone 155
93%
900 Burkina Faso 559
92%
758 Cabo Verde 471
92%
1674 Spain 1040
70%
2225 Portugal 1383
65%
921 Western Sahara 572
50%
No matching quizzes found
Score Distribution
Percent of People with Each Score
Percentile by Number Answered
Your Score History
You have not taken this quiz